Dictaat ushul-hadist (Record no. 73015)

MARC details
000 -LEADER
fixed length control field 00543cam a22002171 4500
001 - CONTROL NUMBER
control field sa 67002049
003 - CONTROL NUMBER IDENTIFIER
control field DLC
005 - DATE AND TIME OF LATEST TRANSACTION
control field 20260227112328.0
008 - FIXED-LENGTH DATA ELEMENTS--GENERAL INFORMATION
fixed length control field 890514q19601967io 000 0 ind
010 ## - LIBRARY OF CONGRESS CONTROL NUMBER
LC control number sa 67002049
035 ## - SYSTEM CONTROL NUMBER
System control number (OCoLC)23542544
040 ## - CATALOGING SOURCE
Original cataloging agency DLC
Transcribing agency MiU
Modifying agency DLC
042 ## - AUTHENTICATION CODE
Authentication code premarc
050 00 - LIBRARY OF CONGRESS CALL NUMBER
Classification number BP135
Item number .M84 1960z
100 1# - MAIN ENTRY--PERSONAL NAME
Personal name Muin, M. Thaib Thahir Abdul.
245 10 - TITLE STATEMENT
Title Dictaat ushul-hadist
250 ## - EDITION STATEMENT
Edition statement Tjet. 2.
260 ## - PUBLICATION, DISTRIBUTION, ETC.
Place of publication, distribution, etc. Jogjakarta,
Name of publisher, distributor, etc. Stensil Kemadjuan
Date of publication, distribution, etc. [196-?]
300 ## - PHYSICAL DESCRIPTION
Extent 50 p.
Dimensions 22 cm.
650 #0 - SUBJECT ADDED ENTRY--TOPICAL TERM
Topical term or geographic name entry element Hadith

No items available.

Powered by Koha